000
00329nam a22001457a 4500
008
221010b ||||| |||| 00| 0 eng d
020
_a
9781605477824
041
_a
eng
080
_2
NINTH EDITION
_a
610.73
082
_a
610.73 POL
100
_a
9
101
_a
INF
245
_a
NURSING RESEARCH
_c
POLIT .D
942
_2
udc
_c
BK
999
_c
58437
_d
58437